书目信息 |
| 题名: |
建筑工程估价
|
|
| 作者: | 许程洁 , 周晓静 主编 | |
| 分册: | ||
| 出版信息: | 北京 机械工业出版社 2008.06 |
|
| 页数: | 283页 | |
| 开本: | 24cm | |
| 丛书名: | ||
| 单 册: | ||
| 中图分类: | TU723.3 | |
| 科图分类: | ||
| 主题词: | 建筑工程--工程造价--估算--高等学校--教材 , 建筑工程 | |
| 电子资源: | ||
| ISBN: | 7-111-13728-0 | |
| 000 | 00793nam0 2200265 45 | |
| 001 | 1264982780 | |
| 005 | 20120407180325.68 | |
| 010 | @a7-111-13728-0@dCNY28.00 | |
| 100 | @a20040920d2008 em y0chiy0121 ea | |
| 101 | 0 | @achi |
| 102 | @aCN@b110000 | |
| 105 | @aak z 000yy | |
| 200 | 1 | @a建筑工程估价@Ajian zhu gong cheng gu jia@f许程洁, 周晓静主编 |
| 205 | @a2版 | |
| 210 | @a北京@c机械工业出版社@d2008.06 | |
| 215 | @a283页@c图, 表格@d24cm | |
| 300 | @a普通高等教育建设工程管理系列规划教材 | |
| 320 | @a本书含附录与参考文献 | |
| 606 | 0 | @a建筑工程@x工程造价@x估算@x高等学校@j教材 |
| 606 | 0 | @a建筑工程 |
| 690 | @aTU723.3@v4 | |
| 701 | 0 | @a许程洁@Axu chegn jie@4主编 |
| 701 | 0 | @a周晓静@Azhou xiao jing@4主编 |
| 801 | 0 | @aCN@bQSSKlw@c20050110 |
| 905 | @a10447@dTU723.3@eX850=2 | |
| 建筑工程估价/许程洁, 周晓静主编.-2版.-北京:机械工业出版社,2008.06 |
| 283页:图, 表格;24cm |
| 普通高等教育建设工程管理系列规划教材 |
| ISBN 7-111-13728-0:CNY28.00 |
| ● |
| 相关链接 |
|
|
|
正题名:建筑工程估价
索取号:TU723.3/X850=2
 
预约/预借
| 序号 | 登录号 | 条形码 | 馆藏地/架位号 | 状态 | 备注 |
| 1 | 484847 | 204848479 | 土木与交通工程学院资料室/ [索取号:TU723.3/X850=2] | 在馆 |